000 00761nam a2200205Ii 4500
003 JO-AjNU
008 230605s9999||||xx |||||||||||||| ||und||
017 _a1989/9/608
040 _aJO-AjNU
_bara
_erda
_cJO-AjNU
041 _aara
050 1 4 _aBP140.5.J8.A9264 1990
100 3 _aتاليف عزايزه، عدنان حسن,
_eauthor
_946136
245 0 0 _aحجية القرائن في الشريعة الإسلامية: البصمات - القيافة - دلالة الأثر - تحليل الدم
264 3 1 _aعمان: دار عمار، 1990
300 _a225ص
336 _atext
_btxt
_2rdacontent
337 _aunmediated
_bn
_2rdamedia
338 _avolume
_bnc
_2rdacarrier
650 4 _aالاسلام - الشريعة الاسلامية
_946137
999 _aA20049
_c23617
_d23617